ZNACZENIE EDUKACJI TEATRALNEJ W PROCESIE WYCHOWANIA DO WARTOŚCI

Bibliographic Details
Main Author: Włoch, Agnieszka (Author)
Format: Article
Language:Polish

MARC

LEADER 00000nab a2200000uu 4500
001 vtls011539853
003 SK-MaSNL
005 20260303114831.0
008 230127|2012 xo |||||||||||||||||pol|
015 |a SNBRB 
035 |a (urnnbn)urn:nbn:sk:snk:ar-a09qo7 
035 |a (uuid)5da08740-dcc7-41be-8e05-df24c3fe4d10 
035 |a urn:nbn:sk:snk-abey88 
040 |a SNKBUCL  |b slo  |c SNKBUCL  |e AACR2 
041 0 |a pol 
044 |a xo  |c SK 
100 1 |a Włoch, Agnieszka  |4 aut  |9 1129738 
245 1 0 |a ZNACZENIE EDUKACJI TEATRALNEJ W PROCESIE WYCHOWANIA DO WARTOŚCI  |c Agnieszka Włoch 
246 3 |a (THE IMPORTANCE OF THEATRICAL EDUCATION IN THE PROCESS OF RAISING TO VALUES) 
773 0 |t Acta humanica  |g Roč. 9, č. 2a (2012), s. 204-210 
954 |a odborná, vedecká literatúra pôvodná (slovenská)  |2 lita 
954 |a odborná, vedecká literatúra cudzojazyčná (svetová)  |2 lita 
958 |a OND 
958 |a EUIPO 
958 |a article22 
999 |c 1900752  |d 1902682